El giro kantiano

-д хадгалсан:
Номзүйн дэлгэрэнгүй
Үндсэн зохиолч: Pozzo, Riccardo (Зохиогч)
Формат: Ном
Хэл сонгох:испани
Хэвлэсэн: Madrid Akal 1998
Хэвлэл:1a. ed
Цуврал:Historia del Pensamiento y la Cultura, 31
Нөхцлүүд:
Шошгууд: Шошго нэмэх
Шошго байхгүй, Энэхүү баримтыг шошголох эхний хүн болох!

MARC

LEADER 00000cam a2200000 a 4500
001 UCE8486
003 CL-VaPUC
008 150806e19980000sp |||||||||||||||||spa|d
020 |a 8446008831 
082 0 4 |a 142.3  |b POZ  |2 21 
100 0 |a Pozzo, Riccardo  |e author  |9 581184 
245 1 3 |a El giro kantiano 
250 |a 1a. ed 
300 |a 63 p 
600 0 |a Kant, Immanuel,  |d 1724-1804  |9 858687 
942 |c BK 
945 |d 20150806 12:26:00  |a gsalatino 
260 |a Madrid  |b Akal  |c 1998 
650 0 |a Dialéctica  |9 257902 
650 0 |a Razón   |9 314475 
650 0 |a Filosofía alemana   |9 265002 
583 |a last modification  |c 20150806 12:26:00  |k Rodrigo Vera 
490 0 |a Historia del Pensamiento y la Cultura, 31 
999 |c 360331  |d 360329 
952 |0 0  |1 0  |3 erb  |4 0  |6 142_300000000000000_POZ_1998  |7 0  |8 A  |9 470058  |a BIBEDU  |b BIBEDU  |i 5193060  |l 3  |o 142.3 POZ 1998  |p 5193060  |r 2024-03-21  |s 2024-03-21  |w 2019-11-23  |y BK  |z Catalogado en:20150806  |k FIL